| 000 | 00999nam a2200313 i 4500 | ||
|---|---|---|---|
| 003 | CO-BoRNBP | ||
| 005 | 20240801160103.0 | ||
| 007 | ta | ||
| 008 | 240801s2023 sp a|||| |||| 00| 0 spa d | ||
| 020 | _a9788466233644 | ||
| 040 |
_aCO-BoRNBP _bspa _cCO-BoRNBP _drda |
||
| 041 | _aspa | ||
| 084 | _aC MEL | ||
| 245 |
_a365 cuentos _bUno para cada noche _cTextos: Luis Tomás Melgar Valero; ilustraciones, Shutterstock |
||
| 250 | _aPrimera edición | ||
| 264 | 1 |
_aMóstoles, Madrid _bLibsa _c2023 |
|
| 264 | 4 | _c©2023 | |
| 300 |
_a192 páginas _bilustraciones a color _calto 29cm ancho 20cm |
||
| 336 |
_2rdacontent _atexto _btxt |
||
| 337 |
_2rdamedia _asin mediación _bn |
||
| 338 |
_2rdacarrier _avolumen _bnc |
||
| 650 | 1 | 7 |
_2LEMB _aLiteratura infantil _92746 |
| 650 | 1 | 7 |
_2LEMB _acuentos infantiles _92743 |
| 650 | 1 | 7 |
_2LEMB _acuentos de animales _929952 |
| 650 | 1 | 7 |
_2LEMB _acuentos de fantasía _941966 |
| 650 | 1 | 7 |
_2LEMB _acuentos de aventuras _930887 |
| 650 | 1 | 7 | _2LEMB |
| 942 |
_2ddc _cBKINF |
||
| 999 |
_c38272 _d38272 |
||